| 000 | 00543nam a2200193 a 4500 | ||
|---|---|---|---|
| 001 | BRCA_2671 | ||
| 005 | 20190320203922.0 | ||
| 008 | 021208s1907----enka---###---#000-0#eng-u | ||
| 050 | 4 |
_aF1211.P4 _b.M37 _c1907 |
|
| 100 | 1 |
_aMartín, Percy Falcke _97580 |
|
| 245 | 1 | 0 |
_aMéxico of the twetieth century _cby Peter F. Martín. |
| 260 |
_aLondon _bE. Arnold _c1907 |
||
| 300 |
_a2 v. _bil., mapas _c23 cm. |
||
| 500 | _aB7 | ||
| 650 | 1 | 4 |
_aViajeros ingleses _97018 |
| 651 | 4 |
_aMéxico _xDescripción y viajes _9103 |
|
| 902 | _aGFM | ||
| 942 |
_2lcc _cB |
||
| 999 |
_c2411 _d2411 |
||